| 000 | 01327nam0a2200373 4500 | ||
|---|---|---|---|
| 001 | RU\NLR\bibl\174692 | ||
| 005 | 20250618061351.0 | ||
| 010 |
_a5-04-006493-4 _97000 |
||
| 021 |
_aRU _b2001-11573 _9541 |
||
| 035 | _a(NLR Aleph) 000171433 | ||
| 090 |
_a988058 _c988058 |
||
| 100 | _a20010601d2001 |||y0rusy50 ca | ||
| 101 | 0 | _arus | |
| 102 | _aRU | ||
| 105 | _ay ||||||||| | ||
| 200 | 1 |
_aЗолотые рецепты народной медицины _fБорис Берков, Галина Беркова |
|
| 210 |
_aМ. _cЭКСМО-Пресс _d2001 |
||
| 215 |
_a383 с. _d15 |
||
| 300 | _aНа обл. авт. не указаны | ||
| 606 | 0 |
_aРецептура в народной медицине _92096005 _3RU\NLR\auth\661268176 |
|
| 606 | 0 |
_aНародная медицина _xРецепты _92096008 _3RU\NLR\auth\661268178 |
|
| 610 | 0 | _aМедицина народная | |
| 675 |
_a615.89 _v3 _zrus |
||
| 686 |
_a76.29 _2rugasnti |
||
| 686 |
_a53.59 _2rubbk |
||
| 686 | _aР359.2 | ||
| 700 | 1 |
_aБерков _bБ. В. _gБорис Викторович _4070 |
|
| 701 | 1 |
_aБеркова _bГ. И. _gГалина Ивановна _4070 |
|
| 801 | 0 |
_aRU _bRKP _c20010601 _gPSBO |
|
| 801 | 1 |
_aRU _bRKP _c20010601 |
|
| 801 | 2 |
_aRU _bNLR _c20010824 _grcr |
|
| 942 | _cBOOK | ||
| 980 | _aNB | ||